Adentro / (Registro nro. 14789)

Detalles MARC
000 -LEADER
fixed length control field 01361nam a2200385 a 4500
001 - CONTROL NUMBER
control field 000012157
003 - CONTROL NUMBER IDENTIFIER
control field DO-SdBNP
005 - DATE AND TIME OF LATEST TRANSACTION
control field 20240829100317.0
008 - FIXED-LENGTH DATA ELEMENTS--GENERAL INFORMATION
fixed length control field 091106s1986 dr 00 0 spa d
040 ## - CATALOGING SOURCE
Original cataloging agency DO-SdBNP
Language of cataloging spa
Transcribing agency BPMSU
082 #4 - DEWEY DECIMAL CLASSIFICATION NUMBER
Classification number RD868.44
Item number D249a 1986
Edition number 22
100 1# - MAIN ENTRY--PERSONAL NAME
Personal name León David
Dates associated with a name 1945-
100 z# - MAIN ENTRY--PERSONAL NAME
Personal name Jiménez Sabater, Juan José
Dates associated with a name 1945-
245 10 - TITLE STATEMENT
Title Adentro /
Statement of responsibility, etc. León David.
260 ## - PUBLICATION, DISTRIBUTION, ETC. (IMPRINT)
Place of publication, distribution, etc. Santo Domingo :
Name of publisher, distributor, etc. Biblioteca Nacional,
Date of publication, distribution, etc. 1986.
300 ## - PHYSICAL DESCRIPTION
Extent v. ;
Dimensions 21 cm.
490 0# - SERIES STATEMENT
Series statement Orfeo
505 0# - FORMATTED CONTENTS NOTE
Miscellaneous information v. 1 --
Title Prefacio --
-- Literatura y arte --
-- Valores cotidianos --
-- Política, ciencia, sociedad --
Miscellaneous information v. 2
Title Búsqueda de lo absoluto --
-- El holocausto --
-- Valores cotidianos --
-- Política, ciencia, sociedad.
590 ## - LOCAL NOTE (RLIN)
Local note Inventariado, 2024/VM
650 #4 - SUBJECT ADDED ENTRY--TOPICAL TERM
Topical term or geographic name as entry element Diarios dominicanos
General subdivision Secciones, columnas, etc.
650 #4 - SUBJECT ADDED ENTRY--TOPICAL TERM
Topical term or geographic name as entry element Artículos de prensa
650 #4 - SUBJECT ADDED ENTRY--TOPICAL TERM
Topical term or geographic name as entry element Arte y literatura
650 #4 - SUBJECT ADDED ENTRY--TOPICAL TERM
Topical term or geographic name as entry element Poesía dominicana
General subdivision Crítica e interpretación
650 #4 - SUBJECT ADDED ENTRY--TOPICAL TERM
Topical term or geographic name as entry element Literatura dominicana.
650 #4 - SUBJECT ADDED ENTRY--TOPICAL TERM
Topical term or geographic name as entry element Sociología
650 #4 - SUBJECT ADDED ENTRY--TOPICAL TERM
Topical term or geographic name as entry element Valores sociales
650 z# - SUBJECT ADDED ENTRY--TOPICAL TERM
Topical term or geographic name as entry element Dominican literature
650 z# - SUBJECT ADDED ENTRY--TOPICAL TERM
Topical term following geographic name as entry element Sociology
650 z# - SUBJECT ADDED ENTRY--TOPICAL TERM
Topical term or geographic name as entry element Anomía
650 z# - SUBJECT ADDED ENTRY--TOPICAL TERM
Topical term or geographic name as entry element Ciencias sociales
710 2# - ADDED ENTRY--CORPORATE NAME
Corporate name or jurisdiction name as entry element Biblioteca Nacional (República Dominicana)
730 3# - ADDED ENTRY--UNIFORM TITLE
Uniform title El Nuevo Diario (República Dominicana)
910 ## - USER-OPTION DATA (OCLC)
User-option data VMateo V. Control de calidad BPMSU
942 ## - ADDED ENTRY ELEMENTS (KOHA)
Source of classification or shelving scheme Dewey Decimal Classification
Koha item type Libros
Existencias
Withdrawn status Lost status Source of classification or shelving scheme Damaged status Not for loan Collection code Home library Current library Date acquired Source of acquisition Total Checkouts Full call number Barcode Date last seen Price effective from Koha item type
    Dewey Decimal Classification     Colección Dominicana Biblioteca Pública Metropolitana Salomé Ureña Biblioteca Pública Metropolitana Salomé Ureña 08/29/2024 Maritza Báez   BPMSU CG RD868.44 D249a 1986 BPMSU24080050 08/29/2024 08/29/2024 Libros